[Event "Anogia Capablanca Mem-B 5th"]
[Site "Anogia"]
[Date "2018.09.12"]
[Round "2"]
[White "Avramidou, Anastasia"]
[Black "Kelesiadis, Georgios"]
[Result "1-0"]
[WhiteElo "2260"]
[BlackElo "2105"]
[PlyCount "109"]
[EventDate "2018.09.11"]
[EventType "tourn"]
[EventRounds "9"]
[EventCountry "GRE"]
[SourceTitle "CBM 186 Extra"]
[Source "ChessBase"]
[SourceDate "2018.08.24"]
[SourceVersion "1"]
[SourceVersionDate "2018.08.24"]
[SourceQuality "1"]

1. Nf3 d5 2. g3 Nc6 3. c4 d4 4. d3 e5 5. Bg2 Nf6 6. 0-0 a5 7. Na3 Bc5 8. Nc2 0-0 9. b3 h6 10. Bb2 Bf5 11. a3 Re8 12. Nh4 Bh7 13. b4 axb4 14. axb4 Rxa1 15. Qxa1 Nxb4 16. Nxb4 Bxb4 17. Bxb7 c5 18. f3 Qb6 19. Be4 Bxe4 20. fxe4 Qe6 21. Qa4 Qd7 22. Qxd7 Nxd7 23. Ra1 Nb6 24. Ra6 Re6 25. Nf3 Nd7 26. Ra8+ Kh7 27. Ra7 Rd6 28. Kf2 g6 29. Bc1 Kg7 30. Bd2 Bxd2 31. Nxd2 Nf6 32. h3 Nd7 33. Rc7 f5 34. Nb3 Kf6 35. Kf3 Ke6 36. Nxc5+ Nxc5 37. Rxc5 Ra6 38. Rb5 Ra2 39. Rb6+ Kf7 40. exf5 gxf5 41. Rxh6 Ra3 42. Kf2 Ke7 43. Rh5 Ke6 44. g4 fxg4 45. hxg4 e4 46. dxe4 Re3 47. Rd5 Rxe4 48. Kf3 Re3+ 49. Kf4 Rxe2 50. Rxd4 Kf6 51. g5+ Kg6 52. Rd6+ Kg7 53. Kf5 Rf2+ 54. Ke6 Rc2 55. Kd5 1-0

[Event "GRE-chT 37th"]
[Site "Kallithea"]
[Date "2009.07.05"]
[Round "3"]
[White "Kelesiadis, Georgios"]
[Black "Papadimitriou, Athanasios"]
[Result "0-1"]
[WhiteElo "2061"]
[BlackElo "2081"]
[PlyCount "110"]
[EventDate "2009.07.03"]
[EventType "team-tourn"]
[EventRounds "9"]
[EventCountry "GRE"]
[SourceTitle "CBM 131 Extra"]
[Source "ChessBase"]
[SourceDate "2009.09.03"]
[SourceVersion "2"]
[SourceVersionDate "2009.09.16"]
[SourceQuality "1"]

1. c4 c6 2. Nf3 g6 3. g3 Bg7 4. Bg2 Nf6 5. 0-0 0-0 6. d4 d5 7. cxd5 Nxd5 8. e4 Nb6 9. Nc3 Bg4 10. Be3 Nc4 11. Qb3 Nxe3 12. fxe3 Qb6 13. Qxb6 axb6 14. e5 Na6 15. a3 b5 16. h3 Be6 17. e4 b4 18. Na4 b5 19. Nb6 Rab8 20. d5 Bxh3 21. Bxh3 Rxb6 22. Rad1 bxa3 23. bxa3 Nc5 24. Rc1 Bh6 25. Rc3 cxd5 26. exd5 Rd8 27. Rd1 e6 28. d6 Ne4 29. Rc7 Nxg3 30. Kg2 Ne2 31. Kf2 Nf4 32. Bg4 Nd5 33. Rxd5 exd5 34. Nd4 Bg7 35. Nc6 Rxc6 36. Rxc6 Bxe5 37. d7 Kf8 38. Be2 Rxd7 39. Bxb5 Rc7 40. Ra6 Ra7 41. Ke3 Rxa6 42. Bxa6 Ke7 43. Bb5 f5 44. a4 Bc7 45. Bc6 Kd6 46. Be8 Ke5 47. Bc6 g5 48. Be8 g4 49. Bh5 Bb6+ 50. Kd3 Kf4 51. Bf7 Kg3 52. Bxd5 Kh2 53. Ke2 g3 54. Kf1 h5 55. Be6 g2+ 0-1

[Event "GRE-ch U20"]
[Site "Chania"]
[Date "2003.04.22"]
[Round "4"]
[White "Robas, Stergios"]
[Black "Kelesiadis, Georgios"]
[Result "1/2-1/2"]
[WhiteElo "1740"]
[BlackElo "1855"]
[PlyCount "108"]
[EventDate "2003.04.??"]
[EventType "swiss"]
[EventRounds "7"]
[EventCountry "GRE"]
[SourceTitle "EXT 2005"]
[Source "ChessBase"]
[SourceDate "2004.11.15"]
[SourceVersion "1"]
[SourceVersionDate "2004.11.15"]
[SourceQuality "1"]

1. e4 Nf6 2. e5 Nd5 3. d4 d6 4. c4 Nb6 5. exd6 cxd6 6. Nf3 g6 7. Be2 Bg7 8. 0-0 0-0 9. Nc3 Nc6 10. h3 Bf5 11. Be3 d5 12. c5 Nc4 13. Bxc4 dxc4 14. d5 Nb4 15. Bd4 Bd3 16. Bxg7 Kxg7 17. a3 Nxd5 18. Qd2 Bxf1 19. Rxf1 e6 20. Qd4+ Qf6 21. Qxc4 Nxc3 22. bxc3 Rfd8 23. Nd4 a6 24. Rb1 e5 25. Nb3 a5 26. Qb5 Qc6 27. Qe2 f6 28. Nd2 Rd7 29. Nc4 Rad8 30. Nxa5 Qa4 31. Nxb7 Rb8 32. Rb4 Qxa3 33. c6 Rc7 34. Qc4 Qc1+ 35. Kh2 Qf4+ 36. Qxf4 exf4 37. Na5 Ra8 38. Rb7 Rac8 39. Nc4 Kf8 40. Nb6 Rxc6 41. Nxc8 Rxc8 42. Rb3 Ke7 43. Rb7+ Ke6 44. Rxh7 Rxc3 45. h4 Rc5 46. Kh3 Rh5 47. Ra7 g5 48. g3 fxg3 49. fxg3 gxh4 50. gxh4 f5 51. Ra4 Rh7 52. Kg3 Rg7+ 53. Kf3 Rg8 54. Ra6+ Ke7 1/2-1/2

[Event "GRE-ch U20"]
[Site "Chania"]
[Date "2003.04.21"]
[Round "3"]
[White "Kelesiadis, Georgios"]
[Black "Stamoudis, Chrysafis"]
[Result "0-1"]
[WhiteElo "1855"]
[BlackElo "1635"]
[PlyCount "100"]
[EventDate "2003.04.??"]
[EventType "swiss"]
[EventRounds "7"]
[EventCountry "GRE"]
[SourceTitle "EXT 2005"]
[Source "ChessBase"]
[SourceDate "2004.11.15"]
[SourceVersion "1"]
[SourceVersionDate "2004.11.15"]
[SourceQuality "1"]

1. e4 c5 2. Nf3 e6 3. d4 cxd4 4. Nxd4 a6 5. Bd3 b5 6. a4 b4 7. 0-0 Bb7 8. Kh1 Nc6 9. Nxc6 Bxc6 10. Be3 Nf6 11. Nd2 a5 12. f4 Qc7 13. Bd4 h5 14. Bxf6 gxf6 15. Nc4 f5 16. exf5 Rg8 17. Rf2 Bc5 18. Rd2 h4 19. fxe6 Rxg2 20. exf7+ Kf8 21. Rxg2 h3 22. Bf1 Qxf4 23. Qe2 Qd4 24. Qe3 Qxe3 25. Nxe3 Bxe3 26. Re1 hxg2+ 27. Bxg2 Bxg2+ 28. Kxg2 Bc5 29. Re5 d6 30. Rf5 Ra7 31. Rd5 Rxf7 32. Rd2 Ke7 33. b3 Kd7 34. Kg3 Be3 35. Re2 Bf4+ 36. Kg4 Be5 37. Rd2 Ke6 38. h4 Rf4+ 39. Kg5 Rd4 40. Re2 Kd5 41. Rf2 Rd1 42. h5 Kd4 43. Rf8 Kc3 44. Rc8+ Kb2 45. Ra8 Rd5 46. Rb8 Kxc2 47. Rb5 Rc5 48. Kf5 Rc3 49. Rxa5 Kxb3 50. Ra8 Ka2 0-1

[Event "GRE-ch U20"]
[Site "Greece"]
[Date "2002.04.27"]
[Round "1.3"]
[White "Koukoufikis, Alexandros"]
[Black "Kelesiadis, Georgios"]
[Result "1-0"]
[WhiteElo "2125"]
[BlackElo "1840"]
[PlyCount "65"]
[EventDate "2002.??.??"]
[EventType "swiss"]
[EventRounds "6"]
[EventCountry "GRE"]
[SourceTitle "EXT 2004"]
[Source "ChessBase"]
[SourceDate "2003.11.25"]
[SourceVersion "1"]
[SourceVersionDate "2003.11.25"]
[SourceQuality "1"]

1. g3 f5 2. Bg2 Nf6 3. d3 e6 4. e4 Be7 5. e5 Nd5 6. Bxd5 exd5 7. Qf3 0-0 8. Qxd5+ Kh8 9. Ne2 Nc6 10. Be3 b6 11. Rf1 Bb7 12. d4 Na5 13. Qb5 a6 14. Qd3 Be4 15. Qc3 Nc6 16. Qd2 Bb4 17. c3 Be7 18. f3 Bd5 19. Qd3 b5 20. Nd2 Na5 21. Nf4 Bc4 22. Nxc4 Nxc4 23. 0-0-0 c5 24. Nd5 cxd4 25. Bxd4 Rc8 26. Kb1 Bc5 27. f4 Qa5 28. Bxc5 Rxc5 29. Ne3 Rfc8 30. Nxc4 Rxc4 31. Qxd7 Rb8 32. Rd5 h6 33. Rfd1 1-0